| 000 | 00553nam a2200169Ia 4500 | ||
|---|---|---|---|
| 003 | LDD | ||
| 008 | 190117s9999 xx 000 0 und d | ||
| 020 | _c₹80 | ||
| 040 | _cLDD | ||
| 041 | _ahi | ||
| 082 | _a378.03ल7759ओ | ||
| 100 | _aलक्ष्मीनारायण | ||
| 245 | 0 |
_aओपन विश्वविद्यालय भारतीय परिप्रेक्ष्य _cलक्ष्मीनारायण |
|
| 260 |
_aपिलानी _bचिन्ता _c1987 |
||
| 300 | _a127प्र. | ||
| 942 |
_2ddc _cH |
||
| 999 |
_c168952 _d168952 |
||